| 000 | 00756pam a2200265 a 4500 | ||
|---|---|---|---|
| 005 | 20260322212057.0 | ||
| 008 | data | ||
| 010 | _a 87026586 | ||
| 020 | _a0671523759 | ||
| 020 | _a9780671523756 | ||
| 040 |
_aDLC _cDLC _dDLC |
||
| 043 | _an-us--- | ||
| 050 | 0 | 0 |
_aE208 _b.L27 1988 |
| 082 | 0 | 0 |
_a973.3 _219 |
| 092 | _a973.3 L27 1988 | ||
| 100 | 1 |
_aLangguth, A. J., _d1933- |
|
| 245 | 1 | 0 |
_aPatriots : _bthe men who started the American Revolution / _cA. J. Langguth. |
| 260 |
_aNew York : _bSimon and Schuster, _cc1988. |
||
| 300 |
_a637 p. : _bill., ports. ; _c25 cm. |
||
| 500 | _aMaps on lining paper. | ||
| 500 | _aIncludes index. | ||
| 504 | _aBibliography: p. 608-618. | ||
| 651 | 0 |
_aUnited States _xHistory _yRevolution, 1775-1783. |
|
| 001 | data | ||
| 999 |
_c1357 _d1357 |
||